01136nam a2200253Ia 4500008004100000040001800041041000800059100002100067245019000088260003700278300005200315490009600367500005800463504005400521650002400575650002600599650001500625650003500640650003000675650002500705700003500730700002700765765009000792130821s1950 sp a gr spa  aCo-BoUCMbspa aspa1 aMarjolin, Robert10aProducción, dinero y precios en los movimientos económicos de larga duracióncRobert Marjolín, prólogo de Charles Rist ; traducción del francés por José Díaz García aMadrid (España)bAguilarc1950 axxiii, 460 páginasbilustraciones, gráficas 0aBiblioteca de Ciencias Económicas, Políticas y Sociales.aSección Primera: Economía aEl ejemplar No.2 es Donación Dr. Álvaro Daza Roa. aIncluye referencias bibliográficas e índices.04aCiclos económicos04aEconomía política04aEconomía04aPrecios (Teoría económica)04aProducción (Economía)04aTeoría económica1 aDíaz García, Joséetrad.1 aRist, Charlesepról.0 tPrix, Monnaie Et Production Essai Sur Les Mouvements Economiques de Lóngue Durée